Edward MacDowell /

Bibliographic Details
Main Author: Gilman, Lawrence, 1878-1939
Format: Book
Language:English
Published: London : New York : J. Lane; J. Lane Co., 1906.
Series:Living masters of music.
Subjects:

MARC

Tag First Indicator Second Indicator Subfields
LEADER 00000cam a2200000I 4500
001 in00002017232
005 20151031160422.0
008 720728s1906 enk 000 0 eng c
010 |a  06002346  
035 |a (OCoLC)ocm00367984 
040 |a OUN  |c OUN  |d OCLCQ  |d TXA  |d UtOrBLW 
049 |a TXAM 
050 0 |a ML410.M12  |b G5 
082 0 4 |a 780 
100 1 |a Gilman, Lawrence,  |d 1878-1939. 
245 1 0 |a Edward MacDowell /  |c by Lawrence Gilman. 
264 1 |a London :  |b J. Lane;  |a New York :  |b J. Lane Co.,  |c 1906. 
300 |a 2 preliminary leaves, vii-viii pages, 2 leaves, 80 pages :  |b 3 plates, 5 portrait (including frontispiece) 2 facsimiles ;  |c 19 cm. 
336 |a text  |b txt  |2 rdacontent 
337 |a unmediated  |b n  |2 rdamedia 
338 |a volume  |b nc  |2 rdacarrier 
490 1 |a Living masters of music 
504 |a "Edward MacDowell's works": pages [79]-80. 
536 |a From the Howard Mayer Brown, Edward Downes and Mary Schieffelin Book Collections, October 2004. 
600 1 0 |a MacDowell, Edward,  |d 1860-1908. 
830 0 |a Living masters of music. 
994 |a C0  |b TXA 
948 |a cataloged  |b h  |c 2005/1/7  |d c  |e bhartsfi  |f 10:01:35 am 
999 |a MARS 
999 f f |s 3a7287d6-f6f7-3092-9b11-5caf4b7e9908  |i c679d224-a331-38f3-83d4-953e56133bf0  |t 0 
952 f f |p ric  |a Texas A&M University  |b Rellis Campus  |c Joint Library Facility  |d Remote Storage  |t 0  |e ML410.M12 G5  |h Library of Congress classification  |i unmediated -- volume  |m A14831654415 
998 f f |a ML410.M12 G5  |t 0  |l Remote Storage